000 00688nam a2200253Ia 4500
003 OSt
005 20220918220532.0
006 a|||||r|||| 00| 0
007 ta
008 220917b |||||||| |||| 00| 0 eng d
024 _a146,299
037 _cTextual
040 _aARTS
_cARTS
_beng
041 _2eng
_aeng
082 _aYX:434.3, M8
100 _aNdvak Tony
_9137710
245 0 _aPoverty and the state
_b An historical sociology
260 _aMilton
_bMilton keynes open university press
_c1988
300 _axi 212p.
_ccm.
500 _aIncludes index
650 _aSOCIOLOGY
942 _hYX:434.3, M8
_cTEXL
_2CC
999 _c269055
_d269055